| 000 | 00381nam a2200145Ia 4500 | ||
|---|---|---|---|
| 008 | 231129s1984||||xx |||||||||||||| ||spa|| | ||
| 020 | _a84-7214-304-X | ||
| 040 | _bspa | ||
| 082 | _aR 703 C712t | ||
| 100 | _aCollins Judith | ||
| 245 | 0 | _aTecnicas de los artistas modernos | |
| 260 | _c1984 | ||
| 264 | _aHermann Blume | ||
| 942 |
_2ddc _cBKS |
||
| 999 |
_c25084 _d25084 |
||